Tiếng Việt : Mấy vấn đề về ngữ âm ngữ pháp ngữ nghĩa

Cuốn sách giúp chúng ta hiểu rõ và sâu hơn về tiếng việt bao gồm: Ngữ pháp tiếng việt; Âm vị học và Ngữ nghĩa của từ học tiếng Việt. Đặc biệt ở mỗi phần tác giả đều đưa ra các ví dụ và lí luận rất dễ hiểu. Đồng thời cuốn sá...

Cur síos iomlán

Đã lưu trong:
Sonraí Bibleagrafaíochta
Príomhúdar: Cao, Xuân Hạo
Formáid: Leabhar
Teanga:Undetermined
Foilsithe: Hà Nội Giáo dục 2003
Ábhair:
Clibeanna: Cuir Clib Leis
Gan Chlibeanna, Bí ar an gcéad duine leis an taifead seo a chlibeáil!
Thư viện lưu trữ: Trung tâm Học liệu Trường Đại học Cần Thơ
LEADER 01352nam a2200265Ia 4500
001 CTU_113617
008 210402s9999 xx 000 0 und d
020 |c 80000 
082 |a 495.9225 
082 |b H108 
100 |a Cao, Xuân Hạo 
245 0 |a Tiếng Việt : 
245 0 |b Mấy vấn đề về ngữ âm ngữ pháp ngữ nghĩa 
245 0 |c Cao Xuân Hạo 
260 |a Hà Nội 
260 |b Giáo dục 
260 |c 2003 
520 |a Cuốn sách giúp chúng ta hiểu rõ và sâu hơn về tiếng việt bao gồm: Ngữ pháp tiếng việt; Âm vị học và Ngữ nghĩa của từ học tiếng Việt. Đặc biệt ở mỗi phần tác giả đều đưa ra các ví dụ và lí luận rất dễ hiểu. Đồng thời cuốn sách cũng là cẩm nang giúp cho việc học tập nghiên cứu, giảng dạy của tất cả các bạn có quan tâm 
526 |a Từ vựng học tiếng Việt,Ngữ âm học tiếng Việt 
526 |b SG295,SG294 
650 |a Vietnamese language,Vietnamese language,Vietnamese language 
650 |x Grammar,Lexicology,Phonetics 
904 |i M.Loan 
910 |b loan 
980 |a Trung tâm Học liệu Trường Đại học Cần Thơ